LEADER 01241nam a2200301 4500 001 000000334007 003 CaOOAMICUS 005 20210507143840.0 008 190613s2017 it 000 u ita r 020 $a978-88-8155-742-4 040 $aSeMil$bita 100 1 $aCeriotti Migliarese, Mariolina.$0(OLS)http://semarc/name/79314 245 10$aMaschi :$bforza, eros, tenerezza /$cMariolina Ceriotti Migliarese. 264 1$aMilano :$bAres,$c2017. 300 $a140 p. ;$c21 cm 490 1 $aGenitori & figli ;$v34 541 1 $aOmaggio mons. Mario Delpini (2O IV 398) 650 4$aUomo e cultura.$0(OLS)http://semarc/subject/12556 650 4$aMascolinitą.$0(OLS)http://semarc/subject/48463 830 0$aGenitori & figli ;$v34.$0(OLS)http://semarc/title/11993 850 $aSeMil 852 $aSeMil$W1$xVenegono$y1$m2O IV 398$j214070$B226616$CSeMilBibl$Z2$F226616 $81 941 1 $a7 961 $aOmaggio mons. Mario Delpini. -- Con dedica autografa dell'autore 996 $6020$a978-88-8155-742-4$9(OLS)http://semarc/number/287553 996 $6245$aMaschi :$bforza, eros, tenerezza$9(OLS)http://semarc/title/423675 996 $6264$aMilano :$bAres$9(OLS)http://semarc/publisher/30250 LEADER 01100nam a2200253 i 4500 001 000000063500 003 CaOOAMICUS 005 20080813000000.0 008 080813s1950 it u000 u ita u 013 $a34672 040 $aSeMil$bita 100 1 $aEngels, Friedrich,$d<1820-1895>.$0(OLS)http://semarc/name/540 245 13$aLa questione delle abitazioni /$cFriedrich Engels ; traduzione di Rinaldo Sanna. 260 $aRoma :$bRinascita,$c1950. 490 0 $aPiccola biblioteca marxista ;$v20 650 4$aEngels, Friedrich <1820-1895> - Opere.$0(OLS)http://semarc/subject/12440 650 4$aAbitazioni - Questioni sociali.$0(OLS)http://semarc/subject/12441 700 1 $aSanna, Rinaldo.$0(OLS)http://semarc/name/32092 830 0$aPiccola biblioteca marxista ;$v20.$0(OLS)http://semarc/title/26186 850 $aSeMil 852 $aSeMil$W1$xVenegono$y1$m2P II 198$j29653$B29653$CSeMilBibl$Z2$F29656 $81 961 $aOmaggio: Deposito 996 $6245$aLa questione delle abitazioni$9(OLS)http://semarc/title/100330 996 $6260$aRoma :$bRinascita$9(OLS)http://semarc/publisher/35227 LEADER 01245nam a2200301 i 4500 001 000000210135 003 CaOOAMICUS 005 20180924103722.0 008 120116s2007 it u000 u ita u 013 $a188943 020 $a978-88-7402-081-2 040 $aSeMil$bita 100 1 $aZappoli, Giancarlo.$0(OLS)http://semarc/name/51841 245 13$aLo specchio a puntate :$buomini e donne nei serial tv /$cGiancarlo Zappoli, Elena Galeotto. 260 $a[Cantalupa (Torino)] :$bEffatą,$ccopyr. 2007. 300 $a190 p. ;$c21 cm. 490 0 $aAccademia ;$v27 500 $aContiene : Bibliografia. 650 4$aSerial televisivi.$0(OLS)http://semarc/subject/39520 700 1 $aGaleotto, Elena.$0(OLS)http://semarc/name/75268 830 0$aAccademia ;$v27.$0(OLS)http://semarc/title/11916 850 $aSeMil 852 $aSeMil$W1$xVenegono$y1$m769 4 27 *$j160585$B160585$CSeMilBibl$Z2$F171784 $81 961 $aOmaggio: Zappoli Giancarlo 996 $6020$a978-88-7402-081-2$9(OLS)http://semarc/number/205013 996 $6245$aLo specchio a puntate :$buomini e donne nei serial tv$9(OLS)http://semarc/title/303799 996 $6260$a[Cantalupa (Torino)] :$bEffatą$9(OLS)http://semarc/publisher/46752